Nombres de plantas y personas a la vez - Estadísticas

Estadísticas generales
  • Esta prueba ha sido intentada 95 veces
  • La puntuación promedio es 7 de 26
Estadísticas de respuestas
Respuesta % Correcto
Rosa
95%
Margarita
84%
Flor
51%
Violeta
45%
Amapola
44%
Jazmín
41%
Petunia
39%
Hortensia
38%
Azucena
35%
Lirio
34%
Lila
32%
Narciso
32%
Dalia
24%
Jacinto
21%
Pino
20%
Orquídea
17%
Begoña
13%
Oliva
13%
Azahara
11%
Magnolia
11%
Melisa
9%
Camila
4%
Lily
4%
Palmira
2%
Bosco
1%
Frutos
1%
No se encontraron pruebas coincidentes
Distribución de puntuación
Porcentaje de gente con cada puntuación
Porcentaje por número respondido
Historial de tus puntuaciones
No has intentado esta prueba.